Z jakich państw są piłkarze Ekstraklasy w sezonie 23/24 - Statystyki

Ogólne statystyki
  • Ten quiz został rozwiązany 162 razy
  • Średni wynik to 41 z 52
Statystyki odpowiedzi
# Federacja Liczba piłkarzy Państwo % Poprawnych
P UEFA 390 Polska
96%
P UEFA 19 Portugalia
94%
H UEFA 22 Hiszpania
93%
N UEFA 6 Niemcy
93%
U UEFA 9 Ukraina
93%
S UEFA 11 Słowacja
92%
F UEFA 1 Francja
91%
S UEFA 6 Szwecja
91%
A UEFA 2 Anglia
90%
B CONMEBOL 7 Brazylia
90%
C UEFA 7 Chorwacja
90%
C UEFA 7 Czechy
90%
N UEFA 2 Norwegia
90%
F UEFA 5 Finlandia
89%
A UEFA 3 Albania
88%
B UEFA 1 Belgia
88%
J AFC 3 Japonia
88%
L UEFA 1 Litwa
88%
R UEFA 1 Rosja
88%
G UEFA 10 Grecja
87%
Ł UEFA 1 Łotwa
86%
S UEFA 7 Słowenia
86%
T UEFA 1 Turcja
86%
A UEFA 3 Austria
85%
B UEFA 2 Białoruś
85%
D UEFA 3 Dania
85%
R UEFA 7 Rumunia
84%
B UEFA 1 Bułgaria
81%
S UEFA 1 Szwajcaria
81%
B UEFA 6 Bośnia i Hercegowina
80%
G UEFA 3 Gruzja
79%
M UEFA 1 Mołdawia
79%
N UEFA 2 Niderlandy
78%
I AFC 2 Iran
76%
K CONCACAF 2 Kanada
76%
K CONMEBOL 2 Kolumbia
76%
S UEFA 6 Serbia
76%
K UEFA 1 Kosowo
74%
S UEFA 1 Szkocja
74%
M UEFA 2 Macedonia Północna
73%
A UEFA 1 Armenia
72%
N CAF 1 Nigeria
72%
A CAF 1 Angola
68%
A AFC 1 Australia
67%
I UEFA 1 Izrael
67%
W CAF 1 Wybrzeże Kości Słoniowej
65%
M UEFA 1 Malta
63%
R CAF 1 Republika Południowej Afryki
59%
S CAF 1 Senegal
59%
D CAF 2 Demokratyczna Republika Konga
46%
R CAF 1 Republika Zielonego Przylądka
36%
M CAF 1 Mauritius
30%
Nie znaleziono quizów pasujących do podanych kryteriów
Rozkład punktacji
Procent ludzi z każdym wynikiem
Percentyl według liczby udzielonych odpowiedzi
Twoja historia wyników
Nie rozwiązałeś tego quizu